| 000 | 01059cam a22002415a 4500 | ||
|---|---|---|---|
| 003 | OSt | ||
| 005 | 20201124141855.0 | ||
| 008 | 090715s1993 ua ||||fr|||| 001 0 ara d | ||
| 040 |
_aEG-ScBUE _bara _cEG-ScBUE |
||
| 082 | 0 | 4 |
_a297.272 _bع ب د _222 |
| 245 | 1 | 2 |
_a/ الأعمال الكاملة للإمام الشيخ محمد عبده _c تحقيق وتقديم محمد عمارة |
| 260 |
_aالقاهرة: _bدار الشروق ، _c1993. |
||
| 300 |
_a5 مج : _c24 سم |
||
| 500 | _aيشتمل على كشاف. | ||
| 505 | 0 | 0 | _aمج .1 تفسير القرأن -- مج.2 الكتابات الاجتماعية --مج.3 الاصلاح الفكرى والتربوى و الإلهيات --مج.4تفسير القرأن -- مج.5 تفسير القران |
| 590 | _adoaa mohamed | ||
| 650 |
_920615 _aالإصلاح الإجتماعي _2BUEsh |
||
| 650 |
_916807 _aالإسلام والإصلاح الدينى _2BUEsh |
||
| 651 | _2BUEsh | ||
| 653 |
_bARALIT _cAugust2015 |
||
| 700 | 0 |
_aعمارة ، محمد _98044 |
|
| 942 |
_2ddc _cBB _k297.272 ع ب د |
||
| 999 |
_c12361 _d12361 |
||